Stones into schools : promoting peace with books, not bombs, in Afghanistan and Pakistan

Bibliographic Details
Main Author: Mortenson, Greg
Format: Book
Published: NY : Viking , 2009
Subjects:

MARC

LEADER 00000cam a2200000 7i4500
001 0000030047
005 20101213.0
008 101213
020 |a 0670021154 
090 0 0 |a 371.8234209581   |b MOR 
100 1 |a Mortenson, Greg 
245 1 0 |a Stones into schools :   |b promoting peace with books, not bombs, in Afghanistan and Pakistan   |c Greg Mortenson 
260 |a NY :   |b Viking ,   |c 2009 
650 0 |a Girls' schools   |z Afghanistan 
650 0 |a Girls' school   |z Pakistan 
650 0 |a Humanitarian assistance, American   |z Afghanistan 
650 0 |a Humanitarian assistance, American   |z Pakistan 
650 0 |a Mortenson, Greg   |x Anecdotes 
650 0 |a Peace-building   |z Afghanistan 
650 0 |a Peace-building   |z Pakistan 
650 0 |a Taliban   |x History 
999 |a 0001073356   |b Book   |c REFERENCE   |e Perbadanan Perpustakaan Awam Johor